Formula One Race Winners of the 2010s - Statistics

General Stats
  • This quiz has been taken 49 times
  • The average score is 11 of 12
Answer Stats
Wins Teams Nationality Answer % Correct
73 McLarenMercedes British Lewis Hamilton
100%
46 Red BullFerrari German Sebastian Vettel
100%
2 Ferrari Monegasque Charles Leclerc
95%
10 Ferrari Spanish Fernando Alonso
95%
3 LotusFerrari Finnish Kimi Raikkonen
95%
8 Red Bull Dutch Max Verstappen
95%
23 Mercedes German Nico Rosberg
95%
7 Mercedes Finnish Valtteri Bottas
95%
7 Red Bull Australian Daniel Ricciardo
92%
8 McLaren Britishq Jenson Button
90%
8 Red Bull Australian Mark Webber
85%
1 Williams Venezuelan Pastor Maldonado
82%
No matching quizzes found
Score Distribution
Percent of People with Each Score
Percentile by Number Answered
Your Score History
You have not taken this quiz